000 00679cab a2200241 4500
001 X1112
008 090401t1993 xxu||||| |||| 00| 0 eng d
035 _a(Sirsi) u14747
041 _aeng
245 _aNew figures issued for commercial unit test
260 _c1993
350 _a0
490 _aCS Monthly : Rural Practice
_v3(2) October 1993, 5(1)
650 _aAGRICULTURAL HOLDINGS (UNITS OF PRODUCTION) ORDER 1993
650 _aAGRICULTURAL HOLDINGS ACT 1986
650 _aFARMLAND
650 _aNET ANNUAL INCOME
650 _aPRODUCTIVE CAPACITY
650 _aUNITS OF PRODUCTION
690 _aPLANNING LAW AND PRACTICE
942 _n0
948 _c04/03/1997
999 _c9623
_d9623